Catálogo
 En Linea

Contraloria, estructura y funciones / (Registro nro. 47461)

Detalles MARC
000 -CABECERA
campo de control de longitud fija 00863nam a2200181 a 4500
001 - NÚMERO DE CONTROL
campo de control 000047973
005 - FECHA Y HORA DE LA ÚLTIMA TRANSACCIÓN
campo de control 20201002060834.0
008 - DATOS DE LONGITUD FIJA--INFORMACIÓN GENERAL
campo de control de longitud fija 181008s1987 dr 000 0 spa d
040 ## - FUENTE DE LA CATALOGACIÓN
Centro catalogador/agencia de origen DO-SdBNP
Lengua de catalogación spa
Centro/agencia transcriptor BNPHU
082 ## - NÚMERO DE LA CLASIFICACIÓN DECIMAL DEWEY
Número de clasificación xxx
Número de documento/Ítem xxx
100 1# - ENTRADA PRINCIPAL--NOMBRE DE PERSONA
Nombre de persona Carvajal, Frank
9 (RLIN) 75492
245 10 - MENCIÓN DE TÍTULO
Título Contraloria, estructura y funciones /
Mención de responsabilidad, etc. Frank Carvajal.
260 ## - PUBLICACIÓN, DISTRIBUCIÓN, ETC.
Lugar de publicación, distribución, etc. Santo Domingo :
Nombre del editor, distribuidor, etc. Búho,
Fecha de publicación, distribución, etc. 1987.
300 ## - DESCRIPCIÓN FÍSICA
Extensión 207 p. ;
Dimensiones 22 cm.
504 ## - NOTA DE BIBLIOGRAFÍA, ETC.
Nota de bibliografía, etc. Bibliografía : p. 207
505 0# - NOTA DE CONTENIDO CON FORMATO
Nota de contenido con formato Conceptos generales --
Título Origen y evolución de la Contraloría --
-- Evolución estrutural de la contraloría --
-- Perspectiva de la Contraloría General de la República
-- Pocisión del contralor dentro de la empresa --
-- Tipos de contralor --
-- características del contralor linea --
-- Organización de la contraloría --
-- Activo fijo o propiedad planta y equipo
590 ## - NOTA LOCAL (RLIN)
Nota local Inventariado, 2019/VM
Existencias
Estado de retiro Estado de pérdida No para préstamo Código de colección Localización permanente Ubicación/localización actual Ubicación en estantería Fecha de adquisición Número de inventario Total de préstamos Signatura topográfica completa Código de barras Fecha visto por última vez Precio válido a partir de Tipo de ítem Koha
    Excluido de préstamo Patrimonio Dominicano Patrimonio Dominicano Patrimonio Dominicano Depósito 08.10.2018 LF1   xxx xxx 47973-10 25.06.2020 25.06.2020 Libro y Folleto Colección Patrimonio Dominicano

Con tecnología Koha